Normal view
MARC view
Entry Topical Term
001 - CONTROL NUMBER
- control field: 6395
003 - CONTROL NUMBER IDENTIFIER
- control field: BD-RjUL
005 - DATE AND TIME OF LATEST TRANSACTION
- control field: 20221220163259.0
008 - FIXED-LENGTH DATA ELEMENTS
- fixed length control field: 221220|| aca||aabn | a|a d
040 ## - CATALOGING SOURCE
- Original cataloging agency: BD-RjUL
- Transcribing agency: BD-RjUL
150 ## - HEADING--TOPICAL TERM
- Topical term or geographic name entry element: Enzymes
- Form subdivision: Biochemistry
670 ## - SOURCE DATA FOUND
- Source citation: Work cat.: (BD-RjUL)81002: Mishra, Anima 6394, Studies on cellulolytic fungi and cellulolytic enzymes with special reference to aspergilli /, 1988